Responses for show #5376 - Monday, January 14, 2008

Contestants

DJ Molny, a software entrepreneur from Lone Tree, Colorado

Robin Olson, an administrator originally from Bellefonte, Pennsylvania

Angela Ruediger, a college instructor from Lemoyne, Pennsylvania (whose 1-day cash winnings total $23,200)

Jeopardy! Round responses

LITERARY TITLES
NO. 1 HITMAKERS OF THE '70s
SON OF WOOD
AMPHIBIOUS INVASIONS
SPECIAL "K"s
WE MEAN BUSINESS
    $200 1
Atlas Shrugged

DJ
    $200 26
The Partridge Family

Robin
    $200 19
Pinocchio

DJ
    $200 12
William the Conqueror

DJ
    $200 2
koalas

Angela
    $200 9
paint

Angela
    $400 3
Measure for Measure

Angela
    $400 27
Elton John

DJ
    $400 20
"Timber!"

DJ
    $400 16
D-Day (Normandy)

Robin
    $400 5
kids

Robin
    $400 13
Heathrow

DJ
    $600 4
Catch-22

DJ
    $600 28
The Bee Gees

Angela
    $600 21
gnocchi

Robin
    $600 17
Julius Caesar

Angela
    $600 6
a kettledrum

Robin
    $600 14
IBM

Robin
    $800 10
A Farewell to Arms

Angela
    $800 29
KC & the Sunshine Band

Angela
    $800 22
the Hundred Acre Wood

Robin
    $800 24
(DJ: What is Montreal?)
...
(Alex: He captured [*], yes. The Battle of Montcalm.)

Quebec

RobinDJ
    $800 7
Kermit

Angela
    $800 15
Nike

Robin
    $1000 11
Mill on the Floss

Robin
    $1000 30
(Alex: Will Ferrell loved them, the [*].)

Starland Vocal Band

Triple Stumper
    $1000 23
(Angela: What is the Blue Danube"?)
...
(Robin: What is "The Vienna Woods"?)
(Alex: Be more specific.)
(Robin: What is "The Vienna Woods Waltz"?)
...
[Note: When giving the correct response, Alex says "Tales from the Vienna Wood."]

Tales from the Vienna Woods

AngelaRobin
Triple Stumper
    $3,000 25
Gallipoli

Robin
    $1000 8
Knott's Berry Farm

DJ
    $1000 18
Saturn

Robin

Scores at the first commercial break (after clue 15):

Angela Robin DJ
$2,400 $3,400 $2,400

Scores at the end of the Jeopardy! Round:

Angela Robin DJ
$3,400 $9,200 $2,600

Double Jeopardy! Round responses

GERMAN CITIES
THE SPORTS ZONE
CAN I GET YOUR NUMBER?
"TAR" FOR THE COURSE
EUROPEAN ARTS AND ARTISTS
WE MEAN BISMUTH
    $400 16
Hamelin

DJ
    $400 21
the Spurs

DJ
    $400 1
24

DJ
    $400 7
Tarzan

DJ
    $400 6
cubism

DJ
    $400 26
(Robin: What is milk of magnesia?)

Pepto-Bismol

AngelaRobin
    $800 17
Bonn

DJ
    $800 22
[Babe] Ruth

DJ
    $800 2
6

DJ
    $800 8
tarpaulin

DJ
    $800 12
Manet

Angela
    $800 27
Bi

DJ
    $1200 18
Berlin

Triple Stumper
    $1200 23
Three Rivers

DJ
    $1200 3
3

DJ
    $1200 9
Tarsus

DJ
    $1200 13
miniature

Angela
    $1200 28
(DJ's answer was originally ruled incorrect but restored just before FJ)

the boiling point [or vaporization]

DJ
    $2,000 19
Nuremberg [Nürnberg]

DJ
    $1600 24
Kansas City Chiefs

Triple Stumper
    $1600 4
7th

DJ
    $1600 10
tarsier

Triple Stumper
    $1600 14
Frans

Robin
    $1600 29
(Robin: What is Uruguay?)

Bolivia

Robin
Triple Stumper
    $2000 20
(Robin: What is Slaughterhouse Five?)
(Alex: You game me the book title, Robin.)

Dresden

RobinDJ
    $2000 25
Michael Schumacher

Triple Stumper
    $2000 5
88

Angela
    $2000 11
Tartarus

Angela
    $5,000 15
[Diego] Velázquez

Robin
    $2000 30
nail polish [nails]

Robin

Scores at the end of the Double Jeopardy! Round:

Angela Robin DJ
$9,800 $13,800 $19,000

[wagering suggestions for these scores]

Final Jeopardy! Round responses

CLASSIC MOVIE DUOS
(Alex: Those were the Polish, German, and Spanish appellations for a famous comedy duo.)
AngelaWho are Laurel & Hardy?
$9,800
RobinWho are Tom and Jerry?
$13,000
DJWho are Laurel & Hardy?
$8,601
Laurel & Hardy

Final scores:

Angela Robin DJ
$19,600 $800 $27,601
2nd place: $2,000 3rd place: $1,000 New champion: $27,601

Game dynamics:

Coryat scores:

Angela Robin DJ
$9,800 $8,800 $18,600
13 R,
1 W
15 R
(including 2 DDs),
4 W
25 R
(including 1 DD),
1 W

Combined Coryat: $37,200

The J! Archive is created by fans, for fans. The Jeopardy! game show and all elements thereof, including but not limited to copyright and trademark thereto, are the property of Jeopardy Productions, Inc. and are protected under law. This website is not affiliated with, sponsored by, or operated by Jeopardy Productions, Inc. Join the discussion at JBoard.tv.